000 00584nam a2200193Ia 4500
005 20250508164808.0
008 008 250505s9999 xx 000 0 eng d
037 _aTheses
040 _aFEDL
_beng
_cFEDL
041 _aeng
_2eng
084 _a371.1, SEN/TH
_qFEDL
100 _aSengupta Maumita
_9530626
245 0 _aEffectiveness of modelling based training in developing teachers' competence for teaching sciences
260 _c1999
300 _a248p.
546 _aPH.D Thesis (Delhi University)
942 _cTH
_h371.1, SEN/TH
999 _c1391226
_d1391226